| 000 -LEADER |
| fixed length control field |
00431nam a22001097a 4500 |
| 008 - FIXED-LENGTH DATA ELEMENTS--GENERAL INFORMATION |
| fixed length control field |
171216b xxu||||| |||| 00| 0 eng d |
| 100 ## - MAIN ENTRY--AUTHOR'S NAME |
| Author's Name |
Alfaro, Rogelio |
| 245 ## - TITLE STATEMENT |
| Title |
Who's who on the postage stamps of Chile |
| 260 ## - PUBLICATION, DISTRIBUTION, ETC. (IMPRINT) |
| Place of publication, distribution, etc. |
Washington DC |
| Name of publisher, distributor, etc. |
Pan American Union |
| Date of publication, distribution, etc. |
1944 |
| 650 ## - TOPICAL TERM (Tag) |
| Topical term or geographic name |
Chile | Topical Collecting -- Famous People | History | Biographies | Definitive Issues | Commemorative Issues | Designs | Chronology |
| 700 ## - SECONDARY AUTHOR, EDITOR OR ILLUSTRATOR |
| Personal Name |
Kunze, Albert |